15 Minutes of Fame Quiz Stats

Quiz Updated Jan 7, 2015

Also try: Fame Chain Game
Challenge
Share
Tweet
Embed
Score 0/15 Timer 15:00
0 Plays Today
Hint Answer % Correct
June 12, 1994: Kato Kaelin witnessed the movements of this athlete/actor and testified at his murder trial.
He later had a speaking tour called, 'The Sixteenth Minute'
O.J. Simpson
75%
November 24, 1963: Live on televison, Dallas nightclub owner Jack Ruby
shot and killed this presumed assassin
Lee Harvey Oswald
71.3%
April 29, 1992: Riots broke out in Los Angeles when four police officers
were acquitted of using excessive force against this man
Rodney King
69.7%
September 2008: College student Natalie Dylan made headlines when she announced on the Howard Stern Show that she was planning to put this up for auction.Her virginity
69.3%
October 14, 2003: Steve Bartman caught a playable foul ball
that many believe cost this team a trip to the World Series
Chicago Cubs
68%
February 1968: In an exhibition catalog, this pop-artist originates the quote
'In the future, everyone will be world-famous for 15 minutes.'
Andy Warhol
67.8%
October 15, 2009: Richard & Mayumi Heene incorrectly claim their six-year-old son Falcon has accidentally gone missing in this type of homemade conveyanceBalloon
64%
July 21, 1989: At a Bristol, CT concert, this lip-synching musical duo was exposed when the recording skipped, repeating 'Girl you know it's...' over and overMilli Vanilli
62.4%
Hint Answer % Correct
May 21, 2011: Preacher Harold Camping's prediction that this Biblical event would occur today proves false. Cheer up, Harold, it's not the end of the world.Rapture
53.1%
January 7, 1972: This billionaire recluse contacts the press to say
Clifford Irving's 'autobiography' of him is a fake
Howard Hughes
52.4%
September 19, 2000: At the Sydney Olympics, Eric 'The Eel' Moussambani Malonga finally completes this 100m event in twice the time of the next worst competitorFreestyle swimming
46.5%
September 10, 2001: This novelty stoner song by Afroman was quickly climbing the charts
but after 9/11 it completely disappeared from the airwaves.
Because I Got High
36.1%
February 26, 2010: Queens NY plastic surgeon Hank Chien temporarily set a record high score of 1,061,700 in this classic arcade game. Donkey Kong
30.6%
March 23, 1989: Two professors, Martin Fleischman and Stanley Pons held a press conference to announce they could do this at room temperature, only to be refuted by all scientists Cold fusion
23.6%
April 2, 1974: At the 46th Academy Awards, Robert Opal streaks naked across the stage,
just as this debonair British Actor is about to announce the Best Picture winner.
David Niven
22%

You're not logged in!

Compare scores with friends on all Sporcle quizzes.
Join for Free
OR
Log In

You Might Also Like...

Show Comments

Extras

Top Quizzes Today


Score Distribution

Your Account Isn't Verified!

In order to create a playlist on Sporcle, you need to verify the email address you used during registration. Go to your Sporcle Settings to finish the process.

Report this User

Report this user for behavior that violates our Community Guidelines.

Details: